Հպանցիկ դիմապատկերներ : (Record no. 10811)
[ view plain ]
| 000 -LEADER | |
|---|---|
| fixed length control field | 00899nam a2200229 a 4500 |
| 001 - CONTROL NUMBER | |
| control field | 000025902 |
| 003 - CONTROL NUMBER IDENTIFIER | |
| control field | AM-YEHGA |
| 005 - DATE AND TIME OF LATEST TRANSACTION | |
| control field | 20250618070901.0 |
| 008 - FIXED-LENGTH DATA ELEMENTS--GENERAL INFORMATION | |
| fixed length control field | 001023s1987 ai |||||||||||arm d |
| 040 ## - CATALOGING SOURCE | |
| Original cataloging agency | AM-YeHGA |
| 041 0# - LANGUAGE CODE | |
| Language code of text/sound track or separate title | arm |
| 090 ## - LOCALLY ASSIGNED LC-TYPE CALL NUMBER (OCLC); LOCAL CALL NUMBER (RLIN) | |
| -- | 10891 |
| 100 1# - MAIN ENTRY--PERSONAL NAME | |
| Personal name | Դալլաքյան, Կարլեն Լևոնի, |
| Dates associated with a name | 1929-2008 |
| 9 (RLIN) | 1293 |
| 245 10 - TITLE STATEMENT | |
| Title | Հպանցիկ դիմապատկերներ : |
| Remainder of title | [Հեղափոխության, արվեստի և գրականության գործիչների դիմապատկերներ] / |
| Statement of responsibility, etc. | Կ.Լ. Դալլաքյան ; Խմբ.՝ Գ.Գ. Դալլաքյան. |
| 246 31 - VARYING FORM OF TITLE | |
| Title proper/short title | Мимолетные портреты |
| 260 ## - PUBLICATION, DISTRIBUTION, ETC. | |
| Place of publication, distribution, etc. | Երևան : |
| Name of publisher, distributor, etc. | Հայաստան, |
| Date of publication, distribution, etc. | 1987. |
| 300 ## - PHYSICAL DESCRIPTION | |
| Extent | 182 էջ ; |
| Dimensions | 21 սմ. |
| 650 14 - SUBJECT ADDED ENTRY--TOPICAL TERM | |
| Topical term or geographic name entry element | Գրականագիտություն |
| 653 0# - INDEX TERM--UNCONTROLLED | |
| Uncontrolled term | Նշանավոր մարդիկ |
| 700 1# - ADDED ENTRY--PERSONAL NAME | |
| Personal name | Դալլաքյան, Գ.Գ. |
| Relator term | խմբ. |
| Relationship | edt |
| 942 ## - ADDED ENTRY ELEMENTS (KOHA) | |
| Source of classification or shelving scheme | Universal Decimal Classification |
| Koha item type | Գրքեր / Books |
| Withdrawn status | Lost status | Source of classification or shelving scheme | Damaged status | Not for loan | Collection | Home library | Current library | Date acquired | Total checkouts | Full call number | Barcode | Date last seen | Price effective from | Koha item type | Public note |
|---|---|---|---|---|---|---|---|---|---|---|---|---|---|---|---|
| Universal Decimal Classification | General | Fundamental Scientific Library | Fundamental Scientific Library | 21/12/2016 | AII/75687 | 220075687 | 21/12/2016 | 21/12/2016 | Գրքեր / Books | 30 Days Loan | |||||
| Universal Decimal Classification | General | Fundamental Scientific Library | Fundamental Scientific Library | 21/12/2016 | AII/76374 | 220076374 | 21/12/2016 | 21/12/2016 | Գրքեր / Books | 30 Days Loan | |||||
| Universal Decimal Classification | General | Fundamental Scientific Library | Fundamental Scientific Library | 21/12/2016 | AII/76453 | 220076453 | 21/12/2016 | 21/12/2016 | Գրքեր / Books | 30 Days Loan |
ՀՀ Գիտությունների ազգային ակադեմիայի հիմնարար գիտական գրադարան = Fundamental Scientific Library of NAS RA
All site content, except where otherwise noted, is licensed under a